Tin học văn phòng

Salvato in:
Dettagli Bibliografici
Autore principale: Nguyễn Lê Minh-Đức Hùng
Natura: Libro
Lingua:Vietnamese
Pubblicazione: ĐHQG.HCM 2004
Tags: Aggiungi Tag
Nessun Tag, puoi essere il primo ad aggiungerne! !
Thư viện lưu trữ: Mạng thư viện Đại học Đà Nẵng
LEADER 00631nam a2200277 4500
001 000026724
003 778(815)
005 20150325120000.0
008 150325s vm 000 vie
020 |c 18,0000 
040 |a NOTTS 
100 |a Nguyễn Lê Minh-Đức Hùng 
245 |a Tin học văn phòng 
260 |b ĐHQG.HCM  |c 2004 
300 |a 214tr. ; 
OWN |a LTT 
999 |a From the UDN01 
TYP |a Monograph 
TYP |a Printed language 
980 |a Mạng thư viện Đại học Đà Nẵng